Voices from the heart : four centuries of American piety /

Bibliographic Details
Other Authors: Lundin, Roger, Noll, Mark A., 1946-
Format: Book
Language:English
Published: Grand Rapids, Mich. : W.B. Eerdmans Pub. Co., [1987]
Subjects:

MARC

Tag First Indicator Second Indicator Subfields
LEADER 00000cam a2200000 a 4500
001 in00000011732
005 20151007051701.0
008 870106s1987 miu b 00000 eng
010 |a  87000441  
020 |a 080283633X 
035 |a (OCoLC)15108416 
035 |9 AAA4277AM 
040 |a DLC  |c DLC  |d m/c  |d TXA  |d UtOrBLW 
043 |a n-us--- 
049 |a TXAM  |c [A12635428] 
050 0 0 |a BR53  |b .V58 1987 
082 0 |a 242/.0973  |2 19 
245 0 0 |a Voices from the heart :  |b four centuries of American piety /  |c edited by Roger Lundin and Mark A. Noll. 
264 1 |a Grand Rapids, Mich. :  |b W.B. Eerdmans Pub. Co.,  |c [1987] 
264 4 |c ©1987 
300 |a xviii, 396 pages ;  |c 24 cm. 
336 |a text  |b txt  |2 rdacontent 
337 |a unmediated  |b n  |2 rdamedia 
338 |a volume  |b nc  |2 rdacarrier 
504 |a Includes bibliographical references. 
650 0 |a Christian literature, American. 
650 0 |a Piety. 
700 1 |a Lundin, Roger. 
700 1 |a Noll, Mark A.,  |d 1946- 
740 0 |a Four centuries of American piety. 
999 |a MARS 
999 f f |s bd16f32a-32ba-3b5c-a2b2-5ebda643dfec  |i 29afa9ac-b239-37ec-9161-3471465079db  |t 0 
952 f f |p ric  |a Texas A&M University  |b Rellis Campus  |c Joint Library Facility  |d Remote Storage  |t 0  |e BR53 .V58 1987  |h Library of Congress classification  |i unmediated -- volume  |m A14812635428 
998 f f |a BR53 .V58 1987  |t 0  |l Remote Storage